The practice of management / (Record no. 347486)
[ view plain ]
| 000 -LEADER | |
|---|---|
| fixed length control field | 00716 a2200169 4500 |
| 020 ## - INTERNATIONAL STANDARD BOOK NUMBER | |
| International Standard Book Number | 0887306136 (paperback) |
| 020 ## - INTERNATIONAL STANDARD BOOK NUMBER | |
| International Standard Book Number | 9780887306136 (paperback) |
| 082 04 - DEWEY DECIMAL CLASSIFICATION NUMBER | |
| Classification number | 658 |
| 090 ## - LOCALLY ASSIGNED LC-TYPE CALL NUMBER (OCLC); LOCAL CALL NUMBER (RLIN) | |
| -- | 5063 |
| -- | 5063 |
| 100 1# - MAIN ENTRY--PERSONAL NAME | |
| Personal name | Drucker, Peter F. |
| 245 14 - TITLE STATEMENT | |
| Title | The practice of management / |
| Statement of responsibility, etc. | Peter F. Drucker. |
| 260 ## - PUBLICATION, DISTRIBUTION, ETC. | |
| Place of publication, distribution, etc. | [S.l.] : |
| Name of publisher, distributor, etc. | Collins, |
| Date of publication, distribution, etc. | 1993. |
| 300 ## - PHYSICAL DESCRIPTION | |
| Extent | 416 p. ; |
| Dimensions | 21 cm. |
| 520 ## - SUMMARY, ETC. | |
| Summary, etc. | The first book to depict management as a distinct function and to recognize managing as a separate responsibility, this classic work by Peter Drucker is the fundamental and basic book for understanding these ideas. |
| 856 40 - ELECTRONIC LOCATION AND ACCESS | |
| Materials specified | Amazon.com |
| Uniform Resource Identifier | <a href="http://www.amazon.com/exec/obidos/ASIN/0887306136/chopaconline-20">http://www.amazon.com/exec/obidos/ASIN/0887306136/chopaconline-20</a> |
| 942 ## - ADDED ENTRY ELEMENTS (KOHA) | |
| Institution code [OBSOLETE] | NBS |
| Koha item type | Book |
| Call number prefix | 658 DRU |
| Withdrawn status | Lost status | Source of classification or shelving scheme | Materials specified (bound volume or other part) | Damaged status | Not for loan | Permanent Location | Current Location | Shelving location | Date acquired | Full call number | Barcode | Date last seen | Price effective from | Koha item type | Public note |
|---|---|---|---|---|---|---|---|---|---|---|---|---|---|---|---|
| CSS Corner Book | Central Library (CL) | Central Library (CL) | Central Superior Services | 08/28/2013 | 658 DRU | NBS117 | 08/28/2013 | 08/28/2013 | CSS Corner | CSS Corner Book |
